Crónica de una muerte anunciada

Spremljeno u:
Bibliografski detalji
Glavni autor: García Márquez, Gabriel (Autor)
Format: Knjiga
Jezik:španjolski
Izdano: Barcelona Random House Mondadori 2012
Izdanje:30a. ed
Serija:Contemporánea
Teme:
Oznake: Dodaj oznaku
Bez oznaka, Budi prvi tko označuje ovaj zapis!

MARC

LEADER 00000cam a2200000 a 4500
001 UCF1773
003 CL-VaPUC
008 120723e20120000SP |||||||||||||||||spa|d
020 |a 9789871138012 
082 0 4 |a Co863  |b GAR  |2 21 
100 0 |a García Márquez, Gabriel  |e author  |9 318478 
245 1 0 |a Crónica de una muerte anunciada 
250 |a 30a. ed 
300 |a 136 p 
942 |c BK 
945 |d 20120723 00:00:00  |a dcastane 
260 |a Barcelona  |b Random House Mondadori  |c 2012 
650 0 |a Novelas colombianas  |9 266734 
650 0 |a Literatura colombiana   |9 315578 
583 |a last modification  |c 20120723 10:17:00  |k Rodrigo Vera 
490 0 |a Contemporánea 
999 |c 348461  |d 348459 
952 |0 0  |1 0  |4 0  |6 CO_863_000000000000000_GAR_2012  |7 0  |8 A  |9 450471  |a BIBING  |b BIBING  |d 2019-11-22  |i 4875125  |l 3  |m 3  |o Co863 GAR 2012  |p 4875125  |r 2025-04-02  |s 2025-03-12  |w 2019-11-22  |y BK  |k CUI